000 00286nam a2200121Ia 4500
008 220216s9999 xx 000 0 und d
100 _aPentecost Sue Ann
245 0 _aSynergies make it supreme
260 _bRubber Asia
_c2002
300 _a34-40
700 _aGasman Dan
942 _cJS
999 _c70114
_d70114